Statistics for Flag Chains Tile Select

Click here to take the quiz!

General Stats

  • This quiz has been taken 737 times
  • The average score is 34 of 64

Answer Stats

QuestionTileSelect% Correct
an American chainYes
83%
an American chainYes
80%
an American chainYes
80%
an American chainYes
76%
an American chainYes
76%
an American chainNo
72%
an Asian chainYes
68%
an American chainNo
65%
an American chainYes
65%
an American chainNo
64%
an Asian chainYes
64%
an American chainNo
63%
a European chainYes
63%
an Asian chainYes
63%
an Asian chainYes
62%
a European chainYes
62%
a European chainYes
61%
a European chainYes
60%
a European chainYes
59%
an Asian chainYes
58%
an Asian chainNo
58%
an Asian chainYes
58%
an American chainNo
58%
an American chainNo
57%
an American chainYes
56%
a European chainYes
56%
an Asian chainYes
55%
a European chainYes
55%
an American chainYes
54%
an American chainNo
54%
an African chainYes
53%
an Asian chainNo
53%
an Asian chainYes
53%
an Asian chainNo
52%
an African chainYes
51%
a European chainNo
51%
a European chainNo
51%
an Asian chainNo
51%
an Asian chainNo
51%
an African chainYes
49%
an African chainYes
49%
a European chainNo
48%
an Asian chainNo
47%
an Asian chainNo
46%
an African chainYes
45%
a European chainNo
45%
an Asian chainNo
44%
an African chainYes
44%
a European chainNo
43%
a European chainNo
43%
an African chainYes
43%
an American chainNo
43%
a European chainNo
43%
an African chainYes
42%
a European chainYes
41%
an African chainNo
41%
an African chainNo
40%
an African chainNo
37%
an African chainNo
37%
an African chainNo
37%
an African chainNo
36%
an African chainNo
36%
a European chainNo
36%
an African chainNo
34%

Score Distribution

Percentile by Number Answered

Percent of People with Each Score

Your Score History

You have not taken this quiz